00353 a2200145 4500001000700000003000400007005001700011008004100028082001600069100002000085245004800105260002800153300001000181653001600191068568OSt20220228124220.0  a410.3bJ13K1 aJackson, Howard1 aKey terms in linguisticscby Howard Jackson aLondonbContinuumc2007 a173p. aLinguistics